000 00484pab a2200157 454500
008 180718b2013 xxu||||| |||| 00| 0 eng d
100 _aHale, Sarah
245 _aEducation for modernisation? The impact of higher education member development programmes on councillors' perception and performance of their roles
260 _c2013
300 _ap.541-561.
362 _aAug
650 _aHigher education
773 _aLocal Government Studies
908 _aN
909 _a100875
999 _c100874
_d100874